01398nam a2200277Ia 450000500170000000800410001702000150005804100080007310000260008124500730010725000220018026400330020230000320023533600270026733700330029433800280032749000110035550400340036652005470040065000400094765000310098765100230101870000320104104000350107308400120110820220316235339.0121119s1999 ck a gr 000 0dspa  a95830026310 aspa1 aRomán, Celso,d194714aLos animales fruteroscRomán Celso ; ilustraciones, Silvia Gómez aTercera edición 1aBogotábPanamericanac1999 a82 páginasbilustraciones atextobtxt2rdacontent asin mediaciónbn2rdamedia avolumenbnc2rdacarrier0 aCorcel aIncluye biografía del autor3 aLos animales fruteros son expertos en el arte del mimetismo. Se esconde entre las frutas y llegan a parecerse tanto a ellas, que algunas personas los confunde y se los llevan, entre el canasto, como parte del mercado Al astuto Platanero, cuya principal habilidad es la supervivencia, le gusta pasar inadvertido, moteado como un tigrillo, entre los bananos que empiezan a madurar. En cambio a la Papayera, su enorme volumen le ha acarreado el mismo problema que a los elefantes, los hipopótamos y las sufridas ballenas: nadie los deja en paz142LEMBaLiteratura infantilySiglo XX142LEMBaFantasíaySiglo XX 4aColombiaySiglo XX1 aGómez, Silviaeilustrador aCO-BoRNBPbspaerdacCO-BoRNBP aC ROM1